000 00781nam a22001937a 4500
005 20240112161934.0
010 _aB-756977-978 ENG
020 _c1195.00
_a9789354422867
035 _aB-756977-978
037 _bAakar Books
082 _a079.54
100 _aPande, Mrinal
_960928
245 _aThe Journey of Hindi Language Journalism in India:
_bFrom Raj to Swaraj and Beyond/
_cMrinal Pande
260 _aNew Delhi
_bOrient Blackswan
_c2022
270 _bNew Delhi
_a11/13 by Jojy Philip
_e110015
300 _aix, 176p.
_c22cm(HB)
_bIndex
942 _2ddc
_cEN
_h079.54
_mPAN
999 _c199952
_d199952